| 000 | 00405nam a2200145Ia 4500 | ||
|---|---|---|---|
| 008 | 210210b1990 xxu||||| |||| 00| 0 eng d | ||
| 082 | _a225.7 BARD | ||
| 100 | _aBARCLAY (William). | ||
| 245 | _aDaily study bible:the Gospel of John.V2 Chap 8-21. | ||
| 260 |
_aBangalore _bTheological Publications in India _c1990 |
||
| 300 | _ax,293 | ||
| 650 | _aGospel John | ||
| 690 | _aChristianity | ||
| 906 | _a045739 | ||
| 999 |
_c95153 _d95153 |
||